Using dBase IV : basics for business /
Guardado en:
| Autor Principal: | |
|---|---|
| Formato: | Libro |
| Idioma: | English |
| Publicado: |
New York :
Wiley,
c1989.
|
| Materias: | |
| Etiquetas: |
Agregar Etiqueta
Sin Etiquetas, Sea el primero en etiquetar este registro!
|
| LEADER | 00719cam a2200241 a 4500 | ||
|---|---|---|---|
| 001 | MAT.inmabb006030 | ||
| 008 | 881109s1989####nyua##########001#0#eng## | ||
| 005 | 20130419122412.0 | ||
| 245 | 1 | 0 | |a Using dBase IV : |b basics for business / |c Mark Brownstein. |
| 260 | |a New York : |b Wiley, |c c1989. | ||
| 300 | |a xiii, 403 p. : |b il. ; |c 24 cm. | ||
| 500 | |a Incluye índice. | ||
| 020 | |a 0471617490 | ||
| 100 | 1 | |a Brownstein, Mark. | |
| 740 | 0 | |a Using dBase 4. | |
| 740 | 0 | |a Using dBase four. | |
| 630 | 0 | 0 | |a dBase IV (Computer file) |
| 650 | 0 | |a Business |x Computer programs. | |
| 650 | 0 | |a Database management. | |
| 084 | |a 68 |2 msc2000 | ||
| 010 | |a 88032282 | ||
| 040 | |a DLC |c DLC |d DLC | ||
| 859 | |h 68 |i B885 |p A-6391 |b BIB. MATEMATICA | ||
